Online Catalogue and eLibrary

Subjection and subjectivity : (Record no. 750)

MARC details
000 -LEADER
fixed length control field 00482nam a2200181Ia 4500
005 - DATE AND TIME OF LATEST TRANSACTION
control field 20240709021614.0
008 - FIXED-LENGTH DATA ELEMENTS--GENERAL INFORMATION
fixed length control field 240331s9999 xx 000 0 und d
020 ## - INTERNATIONAL STANDARD BOOK NUMBER
ISBN 0415905087
082 ## - DDC Classification
Class No. 155
Item Number - Author Mark MEY
100 ## - MAIN ENTRY--PERSONAL NAME
Personal name Meyers, D.T
245 #0 - TITLE STATEMENT
Title Subjection and subjectivity :
Remainder of title psychoanalytic feminism and moral philosophy
260 ## - PUBLICATION, DISTRIBUTION, ETC.
Place of publication, distribution, etc. New York
Name of publisher, distributor, etc. Routledge
Date of publication, distribution, etc. 1994
300 ## - PHYSICAL DESCRIPTION
Extent (e.g. Volumes, Pages etc.) ix, 199 p .,
650 ## - SUBJECT ADDED ENTRY--TOPICAL TERM
Topical term or geographic name entry element Feminist Ethics
650 ## - SUBJECT ADDED ENTRY--TOPICAL TERM
Topical term or geographic name entry element Gender
650 ## - SUBJECT ADDED ENTRY--TOPICAL TERM
Topical term or geographic name entry element Psychoanalysis
942 ## - Koha item type (Biblio)
Koha item type Books in Stacks (Lending)
Holdings
Lost status Damaged status Collection code Home library Current library Shelving location Date acquired Full call number Accession Number Item type
    Lending WERC Library WERC Library Social Science Cupboard 03/31/2024 155 MEY 5176 Books in Stacks (Lending)

© WERC Library